Statystyki dla Quiz Polskie Albumy Rapowe 2020

Kliknij tutaj aby rozwiązać quiz!

Ogólne statystyki

  • Ten quiz został rozwiązany 392 razy
  • Średni wynik to 14 z 20

Statystyki odpowiedzi

AlbumRaper% Poprawnych
Romantic PsychoQuebonafide
97%
Rockstar: Do zachodu słońcaWhite 2115
97%
H8M5Białas
96%
Dzieci DuchySzpaku
96%
Jarmark/EuropaTaco Hemingway
94%
Ziomalski MixtapeŻabson
92%
PleśńGuzior
87%
77747mixtapeOKI
87%
HoodieBeteo
84%
UśmiechJan-rapowanie
78%
NadciśnieniePaluch
73%
MowgliKabe
70%
STAMINAGedz
60%
Outside of SocietyKartky
60%
RedrumSłoń
60%
PiacevoleTymek
54%
So Dope!Trill Pem
49%
FuturaSchafter
42%
Bajki Na DobranocMr.Polska
37%
Droga SnówQry
35%

Rozkład punktacji

Percentyl według liczby udzielonych odpowiedzi

Procent ludzi z każdym wynikiem

Twoja historia wyników

Nie rozwiązałeś tego quizu